000 00769nas a2200265 4500
001 BR7801632
003 BR-BrBNA
005 20231205083403.0
007 ta
008 230509b bl.|||p| |||| 00| 00por d
040 _aBR-BrBNA
_bpor
_cBiblioteca Nacional de Agricultura
041 _a(Pt)
072 _aH20
100 1 _aDias, C.A. de C.
245 1 _aCuidado com a requeima da batata [Solanum tuberosum; Doenca de planta]
650 _aDoenca de planta
650 _aBatata
650 _aRequeima
650 _aFungo
650 _aControle quimico
650 _aFungicida
773 0 _tAtualidades Agroveterinarias (Brazil)
_xISSN 0100-2643
_g(May 1978), v. 6(36) p. 40-41
_wBR7801632
909 _a202311
_bLúcia
_c55
_dLúcia Elande
942 _2AGRIS
_n0
_cANA
999 _c98390
_d98390